Strojné zariadenia lodí

Gespeichert in:
Bibliographische Detailangaben
Hauptverfasser: Záhlava, Miroslav (Verfasst von), Švarc, Peter, 1951- (Verfasst von)
Format: Buch
Sprache:Slowakisch
Veröffentlicht: Bratislava : STU v Bratislave, 1991
Ausgabe:2. vyd.
Schlagworte:
Tags: Tag hinzufügen
Keine Tags, Fügen Sie das erste Tag hinzu!

MARC

LEADER 00000nam a22000003a 4500
001 stu32028
005 20150617225736.5
008 950223s1991----xo------------------slo-d
020 |a 80-227-0417-2 
040 |a STU  |b slo 
041 0 |a slo 
044 |a xo 
080 |a 629.5.01 
100 1 |a Záhlava, Miroslav  |4 aut 
245 1 |a Strojné zariadenia lodí 
250 |a 2. vyd. 
260 |a Bratislava :  |b STU v Bratislave,  |c 1991 
300 |a 216 s 
650 7 |a projektovanie a stavba lodí  |2 stusub 
700 1 |a Švarc, Peter,  |d 1951-  |4 aut  |u J230  |U SjF Ústav dopravnej techniky a konštruovania  |T SjF Katedra automobilov, lodí a spaľovacích motorov  |X 2402  |U J230  |Y 46  |7 A000002402 
996 |b 284J021189  |c J*88267  |l JJSK  |s A  |a 24  |w stu32028_0001 
996 |b 284J032496  |c J*88266  |l JJST  |s P  |a 0  |w stu32028_0002